| 000 | 00831nam a22001577a 4500 | ||
|---|---|---|---|
| 003 | OSt | ||
| 005 | 20230313171644.0 | ||
| 008 | 151112b xxu||||| |||| 00| 0 eng d | ||
| 040 | _cRUA | ||
| 082 |
_aFOR _2CHH 2007 B134 Or.1 |
||
| 100 |
_93600 _aCHHEAN, CHHAYA. |
||
| 245 | _aThe study on the situation sapling growth after applying silvicultural measure in eucalyptus plantation in rua campus, សិក្សាពីស្ថានភាពនៃការលូតលាស់របស់កូនឈើក្រោយការអនុវត្តន៍វិធានការបច្ចេកទេសរុក្ខវប្បកម្មនៅចំការប្រេងខ្យល់នៃបរិវេណ ស.វ.ភ.ក | ||
| 260 |
_aPhnom Penh _bRUA _c2007 |
||
| 300 |
_axii; 50p. _bill. _c29cm. |
||
| 942 |
_2ddc _cFOR |
||
| 999 |
_c3351 _d3351 |
||